000 00630nam a22002057a 4500
003 OSt
005 20151027144820.0
008 130924t xxu||||| |||| 00| 0 eng d
020 _a9780791028223
050 _aTL 793
_b.L283 1994
082 _aGS 629.4
_bLa26 1994
100 _aLangley, Andrew
_921458
245 _aJourney into space :
_bthe missions of Neil Armstrong /
_cAndrew Langley ; illustrated by Alex Pang.
260 _aNew York :
_bChelsea House Pub.,
_c1994.
300 _a128 p. :
_bill. ;
_c22 cm.
650 _aSpace flight
_921459
650 _aArmstrong,Neil
_921460
942 _2lcc
_cBK
999 _c12012
_d12012